00585 2200205 4500001002100000005001500021035002000036007000300056008004100059020001800100082000800118084001400126100001700140245008200157250002800239260003800267300004400305650001200349650001800361INLIS00000000000455320260428092109 a0010-0426000078ta260428 g 0 ind  a979-24-5648-1 a635 a635 NEN p0 aNeni Suhaeni1 aPetunjuk Praktis Menanam Kentang /cNeni Suhaeni (Penulis); Adiel MT (Editor) aCetakan III, April 2018 aBandung :bNuansa Cendekia,c2018 a52 Halaman :bteks , ilustrasi ;c21 cm 4aKentang 4ailmu berkebun